000 01353nam a2200397 i 4500
001 36695
003 KOSZ 005
005 20210917085716.0
008 980713s1997 pl a f f |001 0 pol
015 _aPB 1997/17866
020 _a8320811120
035 _a(OCoLC)749619513
040 _aWA N
_cWA N
_dKOSZ 005/HR
046 _k1997
080 _a911.3:33
080 _a(075.8)
245 0 0 _aPodstawy geografii ekonomicznej :
_bpraca zbiorowa /
_cpod redakcją Jerzego Wrony i Jadwigi Rek.
260 _aWarszawa :
_bPolskie Wydawnictwo Ekonomiczne,
_c1997.
300 _a421, [3] s. :
_bmapy, rys., wykr. ;
_c24 cm.
380 _aKsiążki
380 _aPublikacje dydaktyczne
385 _mPoziom nauczania
_aSzkoły wyższe
388 _a1901-2000
388 _a1989-2000
504 _aBibliogr. s. 394-396. - Indeks.
658 _aGeografia i nauki o Ziemi
658 _aGospodarka, ekonomia, finanse
655 4 _aPodręczniki akademickie
651 4 _aPolska
650 4 _aGeografia gospodarcza
700 1 _aWrona, Jerzy
_d(1947- ).
_eRedakcja
700 1 _aRek, Jadwiga
_d(1939- ).
_eRedakcja
710 2 _aPolskie Wydawnictwo Ekonomiczne
_4pbl.
856 _uhttp://koha.tu.koszalin.pl/cgi-bin/koha/opac-detail.pl?biblionumber=36695
_yKatalog online BPK
942 _2UKD
_cKS
999 _c36695
_d36695